Практическая психология для менеджера: учебное пособие и практикум

Podrobná bibliografie
Hlavní autor: Иванкина Л. И. Любовь Ивановна
Korporativní autor: Томский политехнический университет
Shrnutí:На тит. листе авт. не указан.
Jazyk:ruština
Vydáno: Томск, Изд-во ТПУ, 2000
Témata:
Médium: MixedMaterials Kniha
KOHA link:https://koha.lib.tpu.ru/cgi-bin/koha/opac-detail.pl?biblionumber=26650

MARC

LEADER 00000nam0a2200000 4500
001 26650
005 20231030201727.0
035 |a (RuTPU)RU\TPU\book\26894 
035 |a BOOK00026969 
090 |a 26650 
100 |a 20011209d2000 m y0rusy50 ca 
101 0 |a rus 
102 |a RU 
105 |a y j 000zy 
200 1 |a Практическая психология для менеджера  |e учебное пособие и практикум  |f Л. И. Иванкина  |g Томский политехнический университет 
210 |a Томск  |c Изд-во ТПУ  |d 2000 
215 |a 97 с. 
300 |a На тит. листе авт. не указан. 
610 1 |a психология 
610 1 |a управление 
610 1 |a менеджмент 
610 1 |a коллектив 
610 1 |a общение 
610 1 |a поведение 
610 1 |a личность 
610 1 |a учебные пособия 
610 1 |a труды учёных ТПУ 
686 |a Ю954я73  |v LBC/SL-A  |2 rubbk 
700 1 |a Иванкина  |b Л. И.  |c специалист в области философии, социологии и психологии образования  |c профессор Томского политехнического университета, доктор философских наук  |f 1956-  |g Любовь Ивановна  |2 stltpush  |3 (RuTPU)RU\TPU\pers\25426 
712 0 2 |a Томский политехнический университет  |2 stltpush  |3 (RuTPU)RU\TPU\col\376 
801 0 |a RU  |b 63413507  |c 20011209  |g PSBO 
801 2 |a RU  |b 63413507  |c 20130311  |g PSBO 
942 |c BK